000 00452pab a2200169 454500
008 180718b2000 xxu||||| |||| 00| 0 eng d
100 _aBhatt, V.V.
245 _aJapanese civil service system: relevance for developing countries
260 _c2000
300 _ap.1937-943
362 _a3 Jun
650 _aCivil service - Japan
650 _aCivil service
700 _aHyung-Ki Kim
773 _aEconomic and Political Weekly
909 _a44977
999 _c44977
_d44977